[Event "It (open)"]
[Site "masterchessopen.com Bad Woerishofen (Germany)"]
[Round "1"]
[White "Krizsany Laszlo (HUN)"]
[Black "Federer Hans-Joachim (GER)"]
[Result "1-0"]
[WhiteElo "2419"]
[BlackElo "2022"]

1.d4 Nf6 2.c4 g6 3.Nc3 Bg7 4.e4 d6 5.Be2 O-O 6.Bg5 h6 7.Be3 Nc6 8.Qd2 Kh7 9.d5
Nb8 10.h3 c6 11.Nf3 Nbd7 12.O-O c5 13.Bd3 a6 14.a4 Rb8 15.Rfe1 Re8 16.Bf4 Nf8
17.e5 dxe5 18.Nxe5 Kg8 19.Nxf7 Kxf7 20.Bxb8 Bxh3 21.Bf4 Bd7 22.Bxh6 Qc7
23.Bxg7 Kxg7 24.Qg5 {#r} 1-0

[Event "It (b)"]
[Site "masterchessopen.com Barcelona (Spain)"]
[Round "4"]
[White "Quintana Ortiz Joaquim (ESP)"]
[Black "Romero Gracia Francisco (ESP)"]
[Result "0-1"]
[WhiteElo "1969"]
[BlackElo "1996"]

1.d4 Nf6 2.c4 g6 3.Nc3 Bg7 4.e4 d6 5.Be2 O-O 6.Bg5 h6 7.Be3 e5 8.d5 Nbd7 9.Qd2
h5 10.f3 a5 11.Nh3 Nc5 12.Nf2 Bd7 13.O-O-O Ra6 14.h4 a4 15.g4 Qa8 16.Bxc5 dxc5
17.g5 Ne8 18.Nd3 Ra5 19.f4 exf4 20.Nxf4 Nd6 21.Bxh5 Nxc4 22.Qe2 Ne5 23.Bf3 c4
24.h5 a3 25.h6 axb2+ 26.Kb1 Nxf3 27.Qxf3 Be5 28.Rdf1 b5 29.h7+ Kg7 30.Rh2 b4
31.Nh5+ Kh8 32.Nf6 bxc3 33.Nxd7 Rxa2 34.Nxe5 Ra1+ 35.Kc2 Qa4+ {#R} 0-1

[Event "Ch Poland (juniors) (under 20)"]
[Site "masterchessopen.com Brzeg Dolny (Poland)"]
[Round "8"]
[White "Radziewicz Iweta (POL)"]
[Black "Mista Aleksander (POL)"]
[Result "1-0"]
[WhiteElo "2387"]
[BlackElo "2433"]

1.d4 g6 2.c4 Bg7 3.Nc3 Nf6 4.e4 d6 5.Be2 O-O 6.Bg5 h6 7.Be3 Nbd7 8.f3 c5 9.d5
Ne5 10.f4 Ned7 11.Qc2 a6 12.a4 Re8 13.Nh3 e6 14.dxe6 Rxe6 15.Nf2 Nxe4 16.Ncxe4
f5 17.O-O-O fxe4 18.Bg4 Re7 19.Rxd6 Qe8 20.Rhd1 Nf8 21.Rd8 Qc6 22.R1d6 Qc7
23.Qd2 Kh7 24.f5 gxf5 25.Bxf5+ Bxf5 26.Rxa8 Rd7 27.Rxd7 Nxd7 28.Qd5 Ne5 29.g4
Bd7 30.h4 Bc8 31.Qxe4+ Kh8 32.Bf4 {#r} 1-0

[Event "Cup Winter (cat.2)"]
[Site "masterchessopen.com Bucharest (Romania)"]
[Round "4"]
[White "Vioreanu Bogdan-Gabriel (ROM)"]
[Black "Ionescu Cristian-Dan (ROM)"]
[Result "1-0"]
[WhiteElo "2347"]
[BlackElo "2312"]

1.d4 Nf6 2.c4 g6 3.Nc3 Bg7 4.e4 d6 5.Be2 O-O 6.Bg5 h6 7.Be3 Nbd7 8.Qd2 c5 9.d5
Kh7 10.h4 b5 11.cxb5 a6 12.h5 g5 13.Nf3 axb5 14.Bxb5 Ng4 15.a4 Nxe3 16.Qxe3
Qa5 17.O-O Qb4 18.Rab1 Ne5 19.Nxe5 Bxe5 20.Na2 Qd4 21.b4 Ba6 22.Nc1 Qxe3
23.fxe3 Bxb5 24.axb5 c4 25.Ne2 Rab8 26.Rbc1 Rxb5 27.Rxc4 Kg7 28.Nc1 Ra8 29.Nd3
Bf6 30.e5 dxe5 31.e4 Ra3 32.Nc5 Ra2 33.Rb1 g4 34.Nd7 g3 35.Rc3 Rxb4 36.Rxg3+
Bg5 {#r} 1-0

[Event "It (cat.2)"]
[Site "masterchessopen.com Budapest (Hungary)"]
[Round "9"]
[White "Kummer Helmut (AUT)"]
[Black "Bognar Csaba (HUN)"]
[Result "1-0"]
[WhiteElo "2367"]
[BlackElo "2215"]

1.d4 Nf6 2.c4 g6 3.Nc3 Bg7 4.e4 d6 5.Be2 O-O 6.Bg5 h6 7.Be3 Nbd7 8.Qd2 Kh7
9.g4 e5 10.g5 Ng8 11.gxh6 Bxh6 12.h4 Bxe3 13.Qxe3 c6 14.O-O-O a6 15.Nh3 f6
16.f4 exf4 17.Nxf4 Re8 18.Rdg1 Nf8 19.Bh5 Ne6 20.Bxg6+ {#r} 1-0

[Event "It (open)"]
[Site "masterchessopen.com Canberra (Australia)"]
[Round "3"]
[White "Ezat Mohamed (EGY)"]
[Black "Ilic Ilija (AUS)"]
[Result "1-0"]
[WhiteElo "2297"]
[BlackElo "2003"]

1.d4 d6 2.c4 Nf6 3.Nc3 g6 4.e4 Bg7 5.Be2 O-O 6.Bg5 h6 7.Be3 Nc6 8.d5 Nb8 9.Qd2
Kh7 10.h3 e5 11.g4 a6 12.f3 Nbd7 13.h4 Ng8 14.h5 g5 15.Nh3 f6 16.Nf2 b6 17.Kf1
Ne7 18.Kg2 Nc5 19.b4 Nb7 20.Nd3 a5 21.a3 Bd7 22.Rab1 axb4 23.axb4 c6 24.Qb2
Qc7 25.Rhc1 Ra7 26.c5 dxc5 27.bxc5 bxc5 28.Nxc5 Nxc5 29.Bxc5 cxd5 30.Bxe7 Rfa8
31.Nxd5 Qa5 32.Bc5 f5 33.gxf5 g4 34.Bxa7 gxf3+ 35.Bxf3 Rxa7 36.Qb4 Qd8 37.Qe7
Qa5 38.Nf6+ {#r} 1-0

[Event "Czech League 2000/01 (2nd) (a)"]
[Site "masterchessopen.com Czech Republic"]
[Round "9"]
[White "Krouzel Jaroslav (CZE)"]
[Black "Sejkora Vlastimil (CZE)"]
[Result "0-1"]
[WhiteElo "2219"]
[BlackElo "2325"]

1.d4 g6 2.c4 Bg7 3.e4 d6 4.Nc3 Nf6 5.Be2 O-O 6.Bg5 h6 7.Be3 Nc6 8.d5 Ne5 9.f4
Ned7 10.Nf3 e6 11.dxe6 fxe6 12.Nd4 Qe7 13.O-O e5 14.Ndb5 exf4 15.Bxf4 Ne5
16.Nd5 Nxd5 17.cxd5 a6 18.Nc3 Bd7 19.Rc1 Kh7 20.Qd2 Rae8 21.Rce1 Rf7 22.Bg3
Ref8 23.Rxf7 Rxf7 24.Rf1 Rxf1+ 25.Bxf1 Bf6 26.h3 Bg5 27.Qf2 h5 28.Qa7 Bh4
29.Qf2 Bxg3 30.Qxg3 g5 31.Be2 g4 32.hxg4 Qg5 33.Qf2 hxg4 34.Nd1 g3 35.Qe3 Qh4
36.Kf1 Ng4 37.Bxg4 Bxg4 38.Nc3 Qh1+ 39.Qg1 Qh6 40.Qd4 Qc1+ {#R} 0-1

[Event "It (open)"]
[Site "masterchessopen.com Glyfada (Greece)"]
[Round "8"]
[White "Kofidis Andreas (GRE)"]
[Black "Kotronias Vasilios (GRE)"]
[Result "0-1"]
[WhiteElo "2431"]
[BlackElo "2548"]

1.d4 Nf6 2.c4 g6 3.Nc3 Bg7 4.e4 d6 5.Be2 O-O 6.Bg5 h6 7.Be3 c5 8.dxc5 Qa5
9.Bd2 Qxc5 10.Nf3 Bg4 11.Be3 Qa5 12.Nd2 Bxe2 13.Qxe2 Nc6 14.O-O Rfc8 15.a3 Nd7
16.b4 Qd8 17.Rac1 a5 18.b5 Nd4 19.Bxd4 Bxd4 20.Nf3 Bg7 21.Rfd1 e6 22.Rxd6 Qe7
23.Rcd1 Ne5 24.Nxe5 Bxe5 25.Rd7 Qxa3 26.Nb1 Qb3 27.Nd2 Qc2 28.Qf3 Rf8 29.Nf1
Qxc4 30.Rxb7 a4 31.Ne3 Qb3 32.Rdd7 a3 33.g4 a2 34.Rxf7 a1=Q+ 35.Kg2 Qbb1 {#R}
0-1

[Event "Ch Pan-American (juniors) (under 18)"]
[Site "masterchessopen.com Guaymallen (Argentina)"]
[Round "4"]
[White "Hoekstra Matthew (USA)"]
[Black "Gonzalez Davila Richard (ECU)"]
[Result "1-0"]
[WhiteElo "2212"]
[BlackElo "2213"]

1.d4 Nf6 2.c4 g6 3.Nc3 Bg7 4.e4 d6 5.Be2 O-O 6.Bg5 h6 7.Be3 e5 8.d5 c6 9.Qd2
Kh7 10.f3 cxd5 11.cxd5 a6 12.g4 b5 13.g5 Nh5 14.gxh6 Bxh6 15.O-O-O Nf4 16.Bf1
Nd7 17.Nce2 Nb6 18.Nxf4 exf4 19.Bd4 Bd7 20.Bf6 Qxf6 21.Bd3 Rac8+ 22.Kb1 Nc4
23.Bxc4 Rxc4 24.Ne2 g5 25.h4 g4 26.Nxf4 gxf3 27.Nh5 {#r} 1-0

[Event "Ch Hungary (team) 2000/01 (2 liga)"]
[Site "masterchessopen.com Hungary"]
[Round "8"]
[White "Juhasz Bela (HUN)"]
[Black "Kovacs Istvan (HUN)"]
[Result "1-0"]
[WhiteElo "2333"]
[BlackElo "2217"]

1.d4 Nf6 2.c4 g6 3.Nc3 Bg7 4.e4 d6 5.Be2 O-O 6.Bg5 h6 7.Be3 e5 8.d5 a5 9.g4
Ne8 10.h4 Na6 11.h5 g5 12.f3 Bd7 13.Nh3 Bf6 14.Nf2 Qb8 15.O-O Bd8 16.Qd2 c5
17.dxc6 bxc6 18.c5 Be6 19.cxd6 Nxd6 20.b3 Be7 21.Na4 Nb5 22.Rfd1 Bb4 23.Qc2
Nd4 24.Qb2 Rd8 25.Kg2 Nc5 26.Nxc5 Bxc5 27.Nd3 Bb6 28.Bf2 f6 29.Bf1 Qa7 30.Rac1
Rab8 31.Qc3 c5 32.Nb2 Rdc8 33.Bc4 Bxc4 34.Qxc4+ Kg7 35.Na4 Bd8 36.Nxc5 Bb6
37.Bxd4 exd4 38.Ne6+ Kh7 39.Qd5 Qe7 {#r} 1-0

[Event "It (cat.9)"]
[Site "masterchessopen.com Krasnodar (Russia)"]
[Round "0"]
[White "Bagirov Rufat (AZE)"]
[Black "Dashko Andrey (RUS)"]
[Result "1-0"]
[WhiteElo "2464"]
[BlackElo "2408"]

1.d4 Nf6 2.c4 g6 3.Nc3 Bg7 4.e4 d6 5.Be2 O-O 6.Bg5 h6 7.Be3 c5 8.dxc5 Qa5
9.Bd2 Qxc5 10.Nf3 Bg4 11.Be3 Qc7 12.O-O Nbd7 13.Nd2 Bxe2 14.Qxe2 Rfc8 15.Rac1
Ne5 16.f3 Qd7 17.Rfd1 Kh7 18.b3 h5 19.Nf1 h4 20.h3 Nh5 21.Qf2 f5 22.f4 Nc6
23.exf5 Qxf5 24.Qxh4 Bf6 25.Qf2 Bxc3 26.Rxc3 Rf8 27.Ng3 Nxg3 28.Qxg3 Qa5
29.Rc2 Rf5 30.Qf2 Rh5 31.g4 Rxh3 32.Kg2 Rh6 33.f5 gxf5 34.Bxh6 Kxh6 35.Rd5 Qb6
36.Qh4+ Kg7 37.Rxf5 Qe3 38.Rcf2 Qe4+ 39.Kh2 Ne5 40.Qxe7+ {#r} 1-0

[Event "It (cat.9)"]
[Site "masterchessopen.com Krasnodar (Russia)"]
[Round "0"]
[White "Bagirov Rufat (AZE)"]
[Black "Strelnikov Oleg (UKR)"]
[Result "0-1"]
[WhiteElo "2464"]
[BlackElo "2408"]

1.d4 Nf6 2.c4 g6 3.Nc3 Bg7 4.e4 d6 5.Be2 O-O 6.Bg5 h6 7.Be3 c5 8.dxc5 Qa5
9.Bd2 Qxc5 10.Nf3 Qc7 11.O-O Nc6 12.Qc1 Kh7 13.Nd5 Qd8 14.Nxf6+ exf6 15.Bc3
Re8 16.Bd3 Ne5 17.Nxe5 dxe5 18.Rd1 Qc7 19.Bd2 f5 20.exf5 Bxf5 21.Bxf5 gxf5
22.b3 Re6 23.Bc3 Rg8 24.Rd5 f4 25.Qc2+ e4 26.Bxg7 Rxg7 27.Kh1 Qe7 28.Re1 Rgg6
29.Qd1 Qh4 30.Qd4 e3 31.Rd8 Ref6 32.Re2 Rxg2 {#R} 0-1

[Event "Ch Netherlands (team) 2001"]
[Site "masterchessopen.com Netherlands"]
[Round "5"]
[White "Korchnoi Viktor (SUI)"]
[Black "Schebler Gerhard (GER)"]
[Result "1-0"]
[WhiteElo "2639"]
[BlackElo "2476"]

1.c4 g6 2.e4 Bg7 3.d4 d6 4.Nc3 Nf6 5.Be2 O-O 6.Bg5 h6 7.Be3 Nbd7 8.Qd2 c5
9.dxc5 Nxc5 10.f3 Kh7 11.e5 Nfd7 12.exd6 exd6 13.Nh3 Nb6 14.Nf4 Nba4 15.Nxa4
Nxa4 16.Bd4 Bxd4 17.Qxd4 Qa5+ 18.Kf2 Qe5 19.Qxe5 dxe5 20.Nd5 a5 21.b3 Nc5
22.Nc7 Rb8 23.Rhd1 Ne6 24.Nb5 Re8 25.Nd6 Re7 26.Rd5 Nd4 27.Rxa5 Bd7 28.b4 Bc6
29.c5 b6 30.cxb6 Nxe2 31.Kxe2 Rxb6 32.Nc8 {#r} 1-0

[Event "Ch Netherlands (team) 2001"]
[Site "masterchessopen.com Netherlands"]
[Round "8"]
[White "Van Beek Lucien (NED)"]
[Black "De Wit Dick (NED)"]
[Result "1-0"]
[WhiteElo "2355"]
[BlackElo "2204"]

1.d4 Nf6 2.c4 g6 3.Nc3 Bg7 4.e4 d6 5.Be2 O-O 6.Bg5 h6 7.Be3 e5 8.d5 Nbd7 9.Qc2
Nc5 10.h4 h5 11.Bg5 Qe8 12.b4 Na6 13.a3 Nh7 14.Be3 f5 15.f3 c5 16.Rb1 Qe7
17.Bd3 b6 18.Nge2 Bd7 19.Qd2 Bf6 20.Bf2 Rfc8 21.exf5 Bxf5 22.Ng3 Bxd3 23.Qxd3
Qf7 24.Nge4 Be7 25.O-O Qg7 26.bxc5 Nxc5 27.Nxc5 bxc5 28.Rb7 Rcb8 29.Rfb1 Rxb7
30.Rxb7 {#r} 1-0

[Event "It (open)"]
[Site "masterchessopen.com Oberwart (Austria)"]
[Round "4"]
[White "Dobrov Vladimir (RUS)"]
[Black "Wolfram Bernd (AUT)"]
[Result "1-0"]
[WhiteElo "2436"]
[BlackElo "2126"]

1.d4 Nf6 2.c4 g6 3.Nc3 Bg7 4.e4 d6 5.Be2 O-O 6.Bg5 h6 7.Be3 e5 8.d5 Nbd7 9.Qd2
Nc5 10.f3 Kh7 11.g4 Ng8 12.h4 f5 13.h5 f4 14.hxg6+ Kxg6 15.Bf2 Bf6 16.b4 Nd7
17.a3 a5 18.Rc1 b6 19.Bd3 Kg7 20.Nge2 Ne7 21.Kd1 Ng6 22.Qe1 axb4 23.axb4 Be7
24.Kc2 Nf6 25.Qg1 Bd7 26.Kb2 Nh7 27.Qh2 Ng5 28.Qxh6+ Kf7 29.Qh2 Nxf3 30.Qh7+
Kf6 31.Rh6 Be8 32.Nxf4 exf4 33.e5+ Kxe5 34.Qg7+ {#r} 1-0

[Event "Ch Croatia (team) (1st league)"]
[Site "masterchessopen.com Pula (Croatia)"]
[Round "4"]
[White "Nikolac Juraj (CRO)"]
[Black "Zivkovic Vjekoslav (CRO)"]
[Result "0-1"]
[WhiteElo "2448"]
[BlackElo "2334"]

1.d4 Nf6 2.c4 g6 3.Nc3 Bg7 4.e4 d6 5.Be2 O-O 6.Bg5 h6 7.Be3 e5 8.dxe5 dxe5
9.Qxd8 Rxd8 10.Nd5 Nxd5 11.cxd5 c6 12.Bc4 b5 13.Bb3 Bb7 14.Rc1 a5 15.Bb6 Rc8
16.d6 Nd7 17.Bc7 c5 18.Ne2 c4 19.Bc2 Nc5 20.Nc3 Bc6 21.Rd1 Ne6 22.Nd5 Bf8
23.d7 Nxc7 24.dxc8=Q Rxc8 25.Nb6 Re8 26.a4 Bb4+ 27.Kf1 Ne6 28.Nd7 Bxd7 29.Rxd7
Nd4 30.Bd1 Rb8 31.f4 bxa4 32.Bxa4 Ne6 33.Bc6 Nxf4 34.g3 Rb6 35.Ba8 Rb8 36.Bb7
Ne6 37.Bd5 Bc5 38.Bxc4 Rxb2 {#R} 0-1

[Event "Ch Russia (juniors) (under 18) (g)"]
[Site "masterchessopen.com Rybinsk (Russia)"]
[Round "1"]
[White "Sterliagova Tatiana (RUS)"]
[Black "Gusarchuk Anastasija (RUS)"]
[Result "1-0"]
[WhiteElo "2124"]
[BlackElo "2092"]

1.d4 Nf6 2.c4 g6 3.Nc3 Bg7 4.e4 d6 5.Be2 O-O 6.Bg5 h6 7.Be3 c5 8.d5 e6 9.Qd2
exd5 10.exd5 Kh7 11.h3 Re8 12.Nf3 Bf5 13.O-O Na6 14.Bd3 Qd7 15.Bxf5 Qxf5 16.a3
Ne4 17.Nxe4 Qxe4 18.Rac1 Nc7 19.Rfe1 Qf5 20.Bf4 Bf8 21.b4 b5 22.bxc5 bxc4
23.Bxd6 Bxd6 24.cxd6 Nxd5 25.Rxc4 Rxe1+ 26.Qxe1 Rd8 27.Rc6 Nb6 28.Qe7 Rd7
29.Qe8 Qb5 30.Ne5 Qd5 31.Nxd7 {#r} 1-0

[Event "It (open)"]
[Site "masterchessopen.com Saint-Quentin (France)"]
[Round "4"]
[White "Legky Nikolay A (UKR)"]
[Black "Krivokapic Ratko (FRA)"]
[Result "1-0"]
[WhiteElo "2477"]
[BlackElo "2278"]

1.d4 Nf6 2.c4 g6 3.Nc3 Bg7 4.e4 O-O 5.Be2 d6 6.Bg5 h6 7.Be3 c5 8.e5 Nfd7
9.exd6 exd6 10.Nf3 Nc6 11.Qd2 cxd4 12.Nxd4 Nxd4 13.Bxd4 Ne5 14.O-O Be6 15.Rad1
Rc8 16.b3 a6 17.f4 Nc6 18.Bxg7 Kxg7 19.Ne4 Qb6+ 20.Kh1 Rcd8 21.Qc3+ f6 22.Nxd6
Nb4 23.c5 Nxa2 24.Qe3 Qxb3 25.Rd3 Qb4 26.Qxe6 {#r} 1-0

[Event "Ch Spain (team) (2 div)"]
[Site "masterchessopen.com Spain"]
[Round "3"]
[White "Hernando Rodrigo Julio A (ESP)"]
[Black "Medina Jose (ESP)"]
[Result "1-0"]
[WhiteElo "2261"]
[BlackElo "2098"]

1.d4 Nf6 2.c4 g6 3.Nc3 Bg7 4.e4 d6 5.Be2 O-O 6.Bg5 h6 7.Be3 Na6 8.Qd2 Kh7 9.f3
c5 10.d5 Bd7 11.g4 Ne8 12.h4 Nac7 13.f4 e5 14.h5 exf4 15.hxg6+ fxg6 16.Bxf4
Rxf4 17.Qxf4 g5 18.Qf7 Nf6 19.Nh3 Be8 20.Nxg5+ Kh8 21.e5 Nh7 22.exd6 Qxd6
23.Nge4 Qb6 24.Qf3 Bg6 25.O-O-O Kg8 26.Bd3 Rf8 27.Qg2 Qb4 28.Qc2 b5 29.a3 Qa5
30.cxb5 a6 31.Nxc5 Bxd3 32.Qxd3 Nxb5 33.Nxb5 axb5 34.Ne6 {#r} 1-0

[Event "Memorial I.Cvetanovic (cat.7)"]
[Site "masterchessopen.com Split (Croatia)"]
[Round "8"]
[White "Horvath Csaba (HUN)"]
[Black "Dimitrov Vladimir (BUL)"]
[Result "1-0"]
[WhiteElo "2551"]
[BlackElo "2468"]

1.d4 Nf6 2.c4 g6 3.Nc3 Bg7 4.e4 d6 5.Be2 O-O 6.Bg5 h6 7.Be3 Nbd7 8.Qd2 c5 9.d5
Kh7 10.Nf3 a6 11.Qc2 b5 12.cxb5 axb5 13.Bxb5 Ba6 14.Bxa6 Rxa6 15.h3 Nb6 16.O-O
Qd7 17.b3 Ne8 18.Rad1 Nc7 19.e5 f6 20.Nh4 f5 21.f4 dxe5 22.Bxc5 Rc8 23.fxe5
Nbxd5 24.Nxd5 Nxd5 25.Qc4 Rxc5 26.Qxa6 e6 27.Nf3 Rc2 28.Nd4 Ne3 29.Nxc2 Nxd1
30.Qd6 Qa7+ 31.Qd4 {#r} 1-0

[Event "It \"]
[Site "masterchessopen.com St. Petersburg (Russia)"]
[Round "5"]
[White "Turikov Viktor (RUS)"]
[Black "Timoshin Juri (EST)"]
[Result "1-0"]
[WhiteElo "2360"]
[BlackElo "2144"]

1.d4 Nf6 2.c4 g6 3.Nc3 Bg7 4.e4 d6 5.Be2 O-O 6.Bg5 h6 7.Be3 e5 8.d5 a5 9.g4
Ne8 10.Qd2 Kh7 11.O-O-O Na6 12.h4 c6 13.f3 Bd7 14.Nh3 Rb8 15.dxc6 Bxc6 16.c5
Nac7 17.Bc4 b5 18.cxb6 Na8 19.Ng5+ Kg8 20.h5 Nxb6 21.Bxb6 Qxb6 22.Nxf7 d5
23.Nxd5 Qc5 24.Ne7+ Kh7 25.hxg6# 1-0

[Event "It (open)"]
[Site "masterchessopen.com Toulon (France)"]
[Round "1"]
[White "Marino Thierry (FRA)"]
[Black "Todorov Todor (BUL)"]
[Result "0-1"]
[WhiteElo "1796"]
[BlackElo "2431"]

1.d4 Nf6 2.c4 d6 3.Nc3 g6 4.e4 Bg7 5.Be2 O-O 6.Bg5 h6 7.Be3 e5 8.d5 Nbd7 9.g4
Nc5 10.f3 a5 11.g5 Nh5 12.gxh6 Bf6 13.Qd2 Nf4 14.Bf1 Bh4+ 15.Kd1 c6 16.Bxf4
exf4 17.Qxf4 f5 18.e5 dxe5 19.Qxe5 Bf6 20.Qg3 Kh7 21.Nge2 Nd3 22.Nf4 Nxf4
23.Qxf4 a4 24.d6 a3 25.Kc2 axb2 26.Kxb2 Bxc3+ 27.Kxc3 Qf6+ 28.Qd4 Ra3+ {#R}
0-1

[Event "Cup Russia (open)"]
[Site "masterchessopen.com Tula (Russia)"]
[Round "6"]
[White "Sergienko Sergey (RUS)"]
[Black "Brikov Illarion (RUS)"]
[Result "1-0"]
[WhiteElo "2422"]
[BlackElo "2327"]

1.d4 Nf6 2.c4 g6 3.Nc3 Bg7 4.e4 d6 5.Be2 O-O 6.Bg5 h6 7.Be3 c5 8.d5 e6 9.Qd2
exd5 10.cxd5 Kh7 11.f3 a6 12.a4 Re8 13.a5 Nbd7 14.Nh3 Ne5 15.Nf2 b5 16.axb6
Qxb6 17.O-O Qb7 18.Rfb1 Bd7 19.b3 a5 20.Rc1 Qb4 21.Rab1 Rab8 22.h3 g5 23.Nd3
Nxd3 24.Bxd3 Nh5 25.Ne2 Be5 26.h4 Rg8 27.hxg5 hxg5 28.Bxg5 Kh8 29.Kf2 f6
30.Be3 Kg7 31.Qxb4 axb4 32.g4 {#r} 1-0

[Event "It (young masters) (cat.9)"]
[Site "masterchessopen.com Zug (Switzerland)"]
[Round "1"]
[White "Kritz Leonid (GER)"]
[Black "Forster Richard (SUI)"]
[Result "1-0"]
[WhiteElo "2418"]
[BlackElo "2462"]

1.c4 g6 2.Nc3 Bg7 3.d4 Nf6 4.e4 d6 5.Be2 O-O 6.Bg5 h6 7.Be3 Nbd7 8.Qd2 c5 9.d5
Kh7 10.f4 b5 11.cxb5 Qa5 12.Nh3 a6 13.Nf2 axb5 14.Nxb5 Nb6 15.Qxa5 Rxa5 16.Bd2
Ra4 17.Nc3 Rb4 18.Rb1 e6 19.a3 Rd4 20.dxe6 Bxe6 21.Be3 Nc4 22.Bxd4 cxd4 23.Nb5
Ne3 24.g3 Rc8 25.Bd3 Nd7 26.Ke2 Nc5 27.Rhc1 Rb8 28.Nxd6 Bg4+ 29.Nxg4 Nxd3
30.Nxe3 Nxc1+ 31.Rxc1 dxe3 32.b4 Bb2 33.Rc8 {#r} 1-0

[Event "Ch Romania (juniors) (under 18) (1/2 final)"]
[Site "masterchessopen.com Eforie Nord (Romania)"]
[Round "0"]
[White "Vioreanu Bogdan-Gabriel (ROM)"]
[Black "Burlacu Bogdan (ROM)"]
[Result "1-0"]
[WhiteElo "2347"]
[BlackElo "2041"]

1.d4 Nf6 2.c4 g6 3.Nc3 Bg7 4.e4 d6 5.Be2 O-O 6.Bg5 h6 7.Be3 Nbd7 8.h4 e5 9.d5
Nc5 10.Qc2 a5 11.h5 g5 12.f3 Nfd7 13.g4 b6 14.Nh3 f6 15.Nf2 Rf7 16.O-O Bf8
17.b3 c6 18.a3 Nb8 19.Rfd1 Rb7 20.b4 axb4 21.axb4 Rxa1 22.Rxa1 Nca6 23.dxc6
Nxb4 24.Qb3 N4xc6 25.c5+ Kh8 26.cxb6 Nd4 27.Bxd4 exd4 28.Nd5 Be6 29.Ra7 Qd7
30.Bb5 Qf7 31.Qa4 Bxd5 32.exd5 Qxd5 33.Rxb7 Qxb7 34.Qa7 {#r} 1-0

[Event "It (open)"]
[Site "masterchessopen.com Dresden (Germany)"]
[Date "2001.07.30"]
[Round "5"]
[White "Seifert Volker (GER)"]
[Black "Deuter Lutz (GER)"]
[Result "1-0"]
[WhiteElo "2277"]
[BlackElo "2041"]

1.d4 Nf6 2.c4 g6 3.Nc3 Bg7 4.e4 d6 5.Be2 O-O 6.Bg5 h6 7.Be3 e5 8.d5 Kh7 9.h4
a5 10.g4 Qd7 11.g5 Nh5 12.Bxh5 gxh5 13.gxh6 Bf6 14.Qxh5 Qg4 15.Qxg4 Bxg4 16.f3
Bd7 17.Nge2 Na6 18.Kd2 Rg8 19.Rag1 Rxg1 20.Rxg1 Rg8 21.Rxg8 Kxg8 22.Bg5 Bh8
23.Ng3 f6 24.Be3 Kf7 25.h5 c6 26.Nf5 Bxf5 27.exf5 c5 28.Ne4 Ke7 29.h7 Nc7
30.Bxc5 Ne8 31.Be3 Ng7 32.Ng3 {#r} 1-0

[Event "It (open)"]
[Site "masterchessopen.com Bad Wiessee (Germany)"]
[Round "5"]
[White "Servaty Rudolf (GER)"]
[Black "Kemper Meinolf (GER)"]
[Result "1-0"]
[WhiteElo "2213"]
[BlackElo "2089"]

1.d4 Nf6 2.c4 g6 3.Nc3 Bg7 4.e4 d6 5.Be2 O-O 6.Bg5 h6 7.Be3 e5 8.d5 Kh7 9.h4
c6 10.Nh3 b5 11.f3 bxc4 12.Bxc4 Bb7 13.Qb3 Qc7 14.g4 cxd5 15.Bxd5 Nc6 16.Kf2
Rab8 17.Rac1 Nd4 18.Qa4 Bxd5 19.Bxd4 exd4 20.Nxd5 Rxb2+ 21.Kg3 Qb8 22.Nhf4
Nxd5 23.Nxd5 Rb7 24.f4 f5 25.h5 fxe4 26.hxg6+ Kxg6 27.Qc6 Re8 28.Nc7 Qxc7
29.Qxe8+ Qf7 30.Qxe4+ Kf6 31.Qxd4+ Ke7 32.Rhe1+ Kd7 33.Qa4+ Kd8 34.Qc6 Qd7
35.Qd5 Qf7 36.Qxd6+ Qd7 37.Qxd7+ Kxd7 38.Rcd1+ Kc6 39.Re6+ Kc5 40.f5 {#r} 1-0

[Event "Tournament (weekend)"]
[Site "masterchessopen.com Torino (Italy)"]
[Round "0"]
[White "De Santis Alessio (ITA)"]
[Black "Pepino Enrico (ITA)"]
[Result "1-0"]
[WhiteElo "2345"]
[BlackElo "2071"]

1.d4 Nf6 2.c4 g6 3.Nc3 Bg7 4.e4 d6 5.Be2 O-O 6.Bg5 h6 7.Be3 c5 8.d5 Qa5 9.Bd2
Qd8 10.Qc1 Kh7 11.h4 h5 12.Nf3 e5 13.Ng5+ Kg8 14.f3 Na6 15.Qc2 Nc7 16.O-O-O a6
17.Rdg1 b5 18.g4 hxg4 19.fxg4 bxc4 20.h5 Re8 21.hxg6 fxg6 22.Rh4 Nb5 23.Bxc4
Bd7 24.Ne6 Nd4 25.Qd3 Nxe6 26.dxe6 Bxe6 27.Bxe6+ Rxe6 28.Bg5 c4 29.Qh3 Qb6
30.Be3 {#r} 1-0

[Event "It (cat.7)"]
[Site "masterchessopen.com Alushta (Ukraine)"]
[Round "12"]
[White "Alexandrova Olga (ESP)"]
[Black "Shtyrenkov Veniamen (RUS)"]
[Result "1-0"]
[WhiteElo "2462"]
[BlackElo "2446"]

1.d4 Nf6 2.c4 g6 3.Nc3 Bg7 4.e4 d6 5.Be2 O-O 6.Bg5 h6 7.Be3 e5 8.d5 a5 9.g4
Nfd7 10.Qd2 Kh7 11.Nf3 Na6 12.O-O-O Ndc5 13.Rdg1 Nb4 14.Kb1 c6 15.h4 cxd5
16.cxd5 Bd7 17.h5 g5 18.Bxg5 hxg5 19.Nxg5+ Kh8 20.Nf3 Na4 21.g5 Re8 22.g6 fxg6
23.Rxg6 Qe7 24.Rhg1 Rg8 25.Rh6+ Bxh6 26.Qxh6+ Qh7 27.Qf6+ Rg7 28.h6 Rg8
29.hxg7+ Rxg7 30.Ng5 {#r} 1-0

[Event "Cup European Club (w)"]
[Site "masterchessopen.com Antalya (Turkey)"]
[Round "2"]
[White "Zaiatz Elena (RUS)"]
[Black "Kachiani-G Ketino (GER)"]
[Result "0-1"]
[WhiteElo "2331"]
[BlackElo "2446"]

1.d4 Nf6 2.c4 g6 3.Nc3 Bg7 4.e4 d6 5.Be2 O-O 6.Bg5 h6 7.Be3 Nbd7 8.Qd2 c5
9.dxc5 Nxc5 10.f3 h5 11.e5 Nh7 12.Rd1 Bf5 13.Bxc5 dxc5 14.Qe3 Qa5 15.f4 Rad8
16.Rd5 e6 17.Rxd8 Rxd8 18.h3 Qb4 19.g4 Bb1 20.Nf3 Bxa2 21.f5 Bxc4 22.fxg6 fxg6
23.gxh5 Bxe2 24.Qxe2 Ng5 25.hxg6 Nxf3+ 26.Qxf3 Qh4+ 27.Ke2 Qc4+ 28.Ke1 Qh4+
29.Ke2 Rf8 30.Qg2 Qc4+ 31.Kd2 Bxe5 32.Qg4 Bxc3+ 33.bxc3 Rd8+ {#R} 0-1

[Event "It (open)"]
[Site "masterchessopen.com Boblingen (Germany)"]
[Round "9"]
[White "Buhmann Rainer (GER)"]
[Black "Heinl Thomas (GER)"]
[Result "1-0"]
[WhiteElo "2525"]
[BlackElo "2276"]

{ } 1.d4 Nf6 2.c4 g6 3.Nc3 Bg7 4.e4 d6 5.Be2 O-O 6.Bg5 h6 7.Be3 c5 8.d5 e6
9.Qd2 exd5 10.exd5 { = } 10...Kh7 11.h3 b5 12.cxb5 a6 13.Nf3 axb5 ( 13...Bf5
14.Bd3 { +0,33 CAP } ) 14.Bxb5 { +0,98 CAP } 14...Qb6 { N } ( 14...Ba6 15.Bxa6
Nxa6 16.O-O Nc7 17.Rab1 Ng8 18.Rfc1 Ra5 19.a3 Ra6 20.Rd1 f5 21.Ne2 Nf6 22.Nf4
Qd7 23.Qd3 Rfa8 24.Nd2 { ...1-0, Polugaevsky Lev A(2640) - Matulovic
Milan(2530), Sarajevo 1964 It } ) 15.O-O Bf5 16.a4 Na6 17.a5 Qd8 18.Bc6 Rb8
19.Ra4 Rb4 20.Rfa1 g5 21.Rxb4 Nxb4 22.a6 Nxc6 23.dxc6 Ne4 { ?? } ( 23...Qc7
24.Rd1 Qxc6 25.Qxd6 Qxd6 { } ) 24.Qd5 Bg6 25.Nxe4 Bxb2 26.Rb1 Qa5 27.Kh2 Bg7
28.Rb7 Re8 { } {#r} 1-0

[Event "Cup Martisor (open)"]
[Site "masterchessopen.com Bucharest (Romania)"]
[Round "2"]
[White "Voiteanu Gabriel (ROM)"]
[Black "Nanu Ciprian-Costica (ROM)"]
[Result "0-1"]
[WhiteElo "2252"]
[BlackElo "2456"]

1.d4 Nf6 2.c4 g6 3.Nc3 Bg7 4.e4 O-O 5.Be2 d6 6.Bg5 h6 7.Be3 e5 8.d5 Nbd7 9.Qd2
Nc5 10.f3 Nh5 11.O-O-O Nf4 12.g3 Nxe2+ 13.Ngxe2 Kh7 14.h4 f5 15.Bxc5 dxc5
16.h5 g5 17.exf5 Rxf5 18.Qd3 Kh8 19.Ne4 Qf8 20.Rhf1 Rf7 21.N2c3 Bf5 22.Qe3 b6
23.g4 Bxg4 24.d6 cxd6 25.Nxd6 Rxf3 26.Rxf3 Qxf3 27.Qxf3 Bxf3 28.Nd5 Bxd1 {#R}
0-1